|
|
|
|
| LEADER |
00000naa2a2200000 4500 |
| 001 |
243322 |
| 005 |
20251217132823.0 |
| 035 |
|
|
|a (RuTPU)RU\TPU\book\264664
|
| 035 |
|
|
|a RU\TPU\book\264662
|
| 090 |
|
|
|a 243322
|
| 100 |
|
|
|a 20130925d2013 k y0rusy50 ca
|
| 101 |
0 |
|
|a rus
|
| 102 |
|
|
|a RU
|
| 135 |
|
|
|a drnn ---uucaa
|
| 181 |
|
0 |
|a i
|
| 182 |
|
0 |
|a b
|
| 200 |
1 |
|
|a Исследование ионноплазменных покрытий на сталь 65Х13
|f Д. А. Тогина, О. Ю. Ваулина
|
| 203 |
|
|
|a Текст
|c электронный
|
| 225 |
1 |
|
|a Материаловедение
|
| 300 |
|
|
|a Заглавие с титульного экрана
|
| 320 |
|
|
|a [Библиогр.: с. 167 (2 назв.)]
|
| 337 |
|
|
|a Adobe Reader
|
| 461 |
|
1 |
|0 (RuTPU)RU\TPU\book\263794
|t Современные техника и технологии
|o сборник трудов XIX международной научно-практической конференции студентов, аспирантов и молодых ученых, Томск, 15-19 апреля 2013 г.
|o в 3 т.
|f Национальный исследовательский Томский политехнический университет (ТПУ)
|d 2013
|
| 463 |
|
1 |
|0 (RuTPU)RU\TPU\book\263797
|t Т. 2
|v [С. 166-167]
|d 2013
|
| 610 |
1 |
|
|a труды учёных ТПУ
|
| 610 |
1 |
|
|a электронный ресурс
|
| 610 |
1 |
|
|a исследование
|
| 610 |
1 |
|
|a ионные компоненты
|
| 610 |
1 |
|
|a плазменные покрытия
|
| 610 |
1 |
|
|a сталь
|
| 700 |
|
1 |
|a Тогина
|b Д. А.
|
| 701 |
|
1 |
|a Ваулина
|b О. Ю.
|c специалист в области материаловедения
|c доцент Томского политехнического университета, кандидат технических наук
|f 1978-
|g Ольга Юрьевна
|3 (RuTPU)RU\TPU\pers\31265
|9 15443
|
| 712 |
0 |
2 |
|a Национальный исследовательский Томский политехнический университет (ТПУ)
|b Институт физики высоких технологий (ИФВТ)
|b Кафедра материаловедения в машиностроении (ММС)
|3 (RuTPU)RU\TPU\col\18688
|
| 801 |
|
2 |
|a RU
|b 63413507
|c 20130925
|g RCR
|
| 856 |
4 |
|
|u http://www.lib.tpu.ru/fulltext/c/2013/C01/V2/082.pdf
|
| 942 |
|
|
|c CF
|